BGMEA University of Fashion and Technology
University Library

The 7 habits of highly effective people / (Record no. 2928)

MARC details
000 -LEADER
fixed length control field 00480nam a22001817a 4500
001 - CONTROL NUMBER
control field 2928
003 - CONTROL NUMBER IDENTIFIER
control field BD-DhBUF
005 - DATE AND TIME OF LATEST TRANSACTION
control field 20251214150738.0
008 - FIXED-LENGTH DATA ELEMENTS--GENERAL INFORMATION
fixed length control field 251214b bg ||||| |||| 00| 0 ben d
020 ## - INTERNATIONAL STANDARD BOOK NUMBER
International Standard Book Number 1416502491
040 ## - CATALOGING SOURCE
Original cataloging agency BD-DhBUF
Transcribing agency BD-DhBUF
100 ## - MAIN ENTRY--PERSONAL NAME
Personal name Covey, Stephen R.
9 (RLIN) 4263
245 ## - TITLE STATEMENT
Title The 7 habits of highly effective people /
Statement of responsibility, etc. Stephen R. Covey,
260 ## - PUBLICATION, DISTRIBUTION, ETC.
Place of publication, distribution, etc. New York :
Name of publisher, distributor, etc. Pocket books,
Date of publication, distribution, etc. 2004.
300 ## - PHYSICAL DESCRIPTION
Extent 372p. :
Dimensions 22cm. ;
526 ## - STUDY PROGRAM INFORMATION NOTE
Program name AMM
942 ## - ADDED ENTRY ELEMENTS (KOHA)
Source of classification or shelving scheme Dewey Decimal Classification
Koha item type Books
Holdings
Withdrawn status Lost status Source of classification or shelving scheme Damaged status Not for loan Home library Current library Date acquired Total Checkouts Full call number Barcode Date last seen Copy number Price effective from Koha item type
    Dewey Decimal Classification     BUFT Library BUFT Library 12/13/2025   158.1 C8731s 2004 2025-0510 12/14/2025 C-1 12/14/2025 Books
Copyright © 2019-2023 | BUFT Library
BGMEA University of Fashion and Technology
Library Home | University Home
| Maintained by Library Team